[Event "NOR-chT 2018"]
[Site "Bergen"]
[Date "2018.05.12"]
[Round "3"]
[White "Fossan, Aleksander"]
[Black "Salomon, Johan"]
[Result "0-1"]
[WhiteElo "2132"]
[BlackElo "2482"]
[Annotator "TA"]
[PlyCount "82"]
[EventDate "2018.??.??"]
[EventCountry "NOR"]
[SourceTitle "playchess.com"]
[Source "ChessBase"]
[SourceQuality "1"]

{[%evp 13,82,28,19,8,20,28,13,0,0,0,8,-10,0,0,0,0,1,-43,-47,-43,-50,-56,-39,-50,-49,-62,-59,-149,-153,-172,-168,-150,-130,-142,-101,-157,-146,-173,-167,-208,-188,-277,-225,-239,-148,-247,-247,-245,-253,-368,-363,-366,-247,-355,-240,-233,-227,-282,-282,-468,-471,-987,-970,-944,-838,-29976,-29971,-29988,-29989,-29989,-29990]} 1. e4 e5 2. Nf3 Nc6 3. d4 exd4 4. Nxd4 Qf6 5. Nxc6 Bc5 6. Qd2 bxc6 7. Nc3 Ne7 {LiveBook: 40 Games} 8. Qf4 {C45: Scotch Game} (8. Na4 Bb6 9. Bd3 O-O 10. O-O d6 11. Qe2 Ng6 12. Nxb6 axb6 13. f4 Qd4+ 14. Kh1 f5 15. Rd1 Qf6 16. exf5 Bxf5 17. Bxf5 Qxf5 {½-½ (23) Rublevsky,S (2686)-Bologan,V (2663) Dortmund 2004}) 8... Qxf4 9. Bxf4 d6 10. Bc4 {The position is equal.} Ng6 $146 ({Predecessor:} 10... O-O 11. O-O Kh8 12. Rfe1 Ng6 13. Be3 Bb6 14. Bxb6 axb6 15. a4 f5 {0-1 (44) Kargin,E-Tukhaev,A Ukraine 1999}) 11. Bg3 Bd4 12. O-O O-O 13. Rfd1 Bf6 14. Rab1 Rb8 15. Rd3 h5 {[%cal Bh7h5,Bh5h4][%mdl 32] [#] White must now prevent ...h4.} 16. h3 h4 17. Bh2 Re8 18. f3 Ne5 19. Bxe5 $1 Rxe5 20. Ne2 {[#]} (20. b4 $15) 20... d5 $1 $36 {[%cal Rd5c4][%mdl 2560] White is under strong pressure.} 21. Bb3 (21. exd5 Rxe2) 21... dxe4 22. fxe4 Rxe4 23. Nc3 Rf4 24. Re1 ({Better is} 24. Ne2 Re4 25. Nc3) 24... Bf5 25. Rd2 g6 26. Rde2 Kg7 27. Ne4 (27. Nd1 $142) 27... Bd4+ 28. Kh2 Re8 29. Ng5 (29. Nd6 $17 Rxe2 30. Nxf5+ Rxf5 31. Rxe2) 29... Rxe2 $19 30. Rxe2 Rf1 {( -> ...Bg1+)} 31. Nf3 (31. g4 {keeps fighting.} hxg3+ 32. Kxg3) 31... Bf2 {[%csl Gh4][%cal Rf2g3]} 32. g4 {aiming for Kg2.} hxg3+ 33. Kg2 Rd1 34. Re7 Rd7 35. Rxd7 Bxd7 {[%mdl 4096] Endgame KBB-KBN} 36. Ne5 $2 (36. Bc4) 36... Bf5 37. c3 (37. h4 $142) 37... Be4+ 38. Nf3 Kf6 39. a4 Kf5 {Black mates.} 40. Bd1 Kf4 41. h4 f6 {Precision: White = 28%, Black = 83%.} 0-1

[Event "NOR-chT 2018"]
[Site "Bergen"]
[Date "2018.05.12"]
[Round "3"]
[White "Madland, Kristoffer"]
[Black "Moen, Ole Christian"]
[Result "1-0"]
[WhiteElo "2130"]
[BlackElo "2194"]
[Annotator "TA"]
[PlyCount "81"]
[EventDate "2018.??.??"]
[EventCountry "NOR"]
[SourceTitle "playchess.com"]
[Source "ChessBase"]
[SourceQuality "1"]

{[%evp 22,81,67,62,69,17,58,38,39,25,24,7,53,21,78,46,47,56,84,0,100,50,69,40,43,45,70,46,71,85,106,110,154,156,205,195,196,184,208,189,195,155,324,291,289,251,1277,136,1200,1269,1240,1247,1190,417,417,277,1220,1226,1072,1061,29983,29984]} 1. d4 Nf6 2. c4 g6 3. Nc3 Bg7 4. e4 d6 5. Nf3 O-O 6. h3 e5 7. d5 Na6 8. Bg5 h6 9. Be3 Nc5 10. Nd2 a5 11. Be2 Ne8 12. g4 {LiveBook: 31 Games. E92: King's Indian: Classical: 6 Be2 e5: 7 dxe5, 7 Be3 and Petrosian System without 7...Nbd7} b6 (12... f5 13. exf5 gxf5 14. Qc2 Na6 15. f3 c6 16. a3 Bd7 17. Bd3 Nc5 18. Bxc5 dxc5 19. O-O-O Nd6 20. dxc6 bxc6 21. gxf5 Bxf5 {1-0 (30) Kobo,O (2482)-Bergauz,N (2286) Rishon Le Zion 2017}) 13. Nf1 (13. Qc2 $14) 13... f5 14. gxf5 {White is slightly better.} gxf5 15. exf5 Bxf5 16. Ng3 Bg6 17. h4 $146 {[%cal Bh3h4,Bh4h5,Bh5h6][%mdl 32]} Nf6 (17... a4 $11) 18. h5 Bh7 19. Qd2 Kh8 20. Bxh6 ({White should try} 20. O-O-O $16) 20... Qd7 (20... Bxh6 $11 21. Qxh6 Rg8) 21. Be3 Ng4 $1 22. h6 Bf6 23. Bxc5 bxc5 24. Nce4 {[#] Threatens to win with f3.} (24. f3 Qe7 $11) 24... Be7 $1 25. f3 Bxe4 26. Nxe4 Rf4 27. O-O-O Nf6 28. Rdg1 Nxe4 29. fxe4 Rg8 30. Rxg8+ ({Resist} 30. Qxa5 $6 Rxg1+ 31. Rxg1 Qh3 $16) 30... Kxg8 31. Bd1 Kh7 $2 (31... Bf8 $16 32. Kb1 Qh7 33. Rg1+ Kh8) 32. Qg2 $18 {[%csl Gh6][%cal Rg2g7] [#]} ({Less strong is} 32. Qxa5 Rh4 $18) 32... Bf6 33. Bh5 Qe7 $2 (33... Kh8 34. Kb1 Rh4 35. Rxh4 Bxh4) 34. Qg6+ $40 {[%mdl 128] White is out for blood.} ({Weaker is} 34. Rg1 Bg5 $18) 34... Kh8 35. Rg1 {[%csl Gg1][%cal Rg6g8]} Qf8 36. Bg4 Qg8 37. Qxg8+ (37. Bf5 $142 {[%csl Gg1][%cal Rg6g8]} Qxg6 38. Rxg6 Rf1+ 39. Kc2) 37... Kxg8 38. Bf5+ Kh8 $2 (38... Kf8 39. h7 Bg7) 39. Rg6 Be7 40. Re6 Bf8 41. Re8 {Precision: White = 53%, Black = 33%.} 1-0

[Event "NOR-chT 2018"]
[Site "Bergen"]
[Date "2018.05.12"]
[Round "3"]
[White "Sjoberg, Isak"]
[Black "Fossan, Benjamin"]
[Result "1-0"]
[WhiteElo "2034"]
[BlackElo "1948"]
[Annotator "NA RC"]
[PlyCount "137"]
[EventDate "2018.??.??"]
[EventCountry "NOR"]
[SourceTitle "playchess.com"]
[Source "ChessBase"]
[SourceQuality "1"]
[TimeControl "40/5400:1800"]

{[%evp 8,137,29,19,18,29,32767,32767,32767,7,10,32767,8,2,7,11,21,0,3,-22,-31,-51,32767,1,32767,-29,32767,32767,32767,32767,32767,32767,32767,32767,32767,32767,-2,-19,0,32767,6,32767,32767,-60,32767,-12,32767,0,32767,32767,-39,-36,32767,-57,-33,-52,32767,32767,32767,32767,32767,11,90,111,119,103,113,104,158,133,127,125,157,32767,139,0,125,10,32767,32767,8,4,21,14,100,617,556,539,471,181,723,981,5097,6027,12597,136,46,132,29,8,34,0,8,0,0,0,29976,29971,29980,29982,12851,29983,29980,29984,29985,29986,12851,29986,29986,29987,29988,29989,29989,32767,32767,29990,29990,29991,29991,29992,29992,29993]} 1. e4 {[%emt 0:00:03]} c5 {[%emt 0:00:04]} 2. Nf3 {[%emt 0:00:27]} Nc6 {[%emt 0:00:13]} 3. Bb5 {[%emt 0:00:29]} g6 {[%emt 0:00:04]} 4. O-O {[%emt 0:00:38]} Bg7 {[%emt 0:00:06]} 5. d3 {[%emt 0:00:25]} e5 {[%emt 0:00:51] LiveBook: 14 Games B31: Sicilian: 2...Nc6 3 Bb5 g6} (5... d6 6. Re1 Bd7 7. c3 Nf6 8. d4 O-O 9. Bxc6 Bxc6 10. d5 Bd7 11. h3 b5 12. a4 b4 13. e5 dxe5 14. Nxe5 {½-½ (70) Zvjaginsev,V (2643)-Dubov,D (2666) Sochi 2017}) 6. Be3 {[%emt 0:00:08]} d6 {[%emt 0:00:52]} 7. a3 {[%emt 0:00:22]} Nge7 {[%emt 0:01:36]} 8. b4 {[%emt 0:02:18]} b6 {[%emt 0:01:33]} 9. bxc5 $146 {[%emt 0:04:48]} ({Predecessor:} 9. c3 O-O 10. Nbd2 h6 11. Re1 Kh7 12. bxc5 bxc5 13. Bc4 {½-½ (22) Petukhov,S (2393)-Rudenko,A (2132) ICCF email 2012}) 9... dxc5 {[%emt 0:02:00]} 10. Bc4 {[%emt 0:09:13]} O-O {[%emt 0:02:48]} 11. h3 {[%emt 0:10:34]} h6 {[%emt 0:03:18]} 12. Nc3 {[%emt 0:09:14]} Kh7 {[%emt 0:01:31]} 13. Nh2 {[%emt 0:09:13]} f5 {[%emt 0:11:00]} 14. exf5 {[%emt 0:01:59]} Bxf5 {[%emt 0:01:14]} 15. Ne4 {[%emt 0:02:33]} Nd5 {[%emt 0:07:20]} 16. Qd2 {[%emt 0:04:38]} Qd7 {[%emt 0:10:33]} 17. Rae1 {[%emt 0:04:08]} Nce7 {[%emt 0:04:43]} 18. Kh1 {[%emt 0:04:15]} Nxe3 {[%emt 0:03:03]} 19. Qxe3 {[%emt 0:01:13]} Nd5 {[%emt 0:01:39]} 20. Bxd5 {[%emt 0:01:35]} Qxd5 {[%emt 0:00:02]} 21. Nf3 {[%emt 0:01:35]} Rae8 {[%emt 0:05:39]} 22. Nh4 {[%emt 0:02:31]} Bxe4 {[%emt 0:02:30]} 23. dxe4 {[%emt 0:00:28]} Qd4 {[%emt 0:03:03]} 24. Qg3 {[%emt 0:00:47]} Qd6 {[%emt 0:01:38]} 25. Rd1 {[%emt 0:00:43]} ({White should try} 25. Qb3 $11) 25... Qe6 {[%emt 0:01:27]} 26. Qe3 {[%emt 0:03:05]} Rd8 {[%emt 0:01:18]} 27. Qe2 {[%emt 0:01:14]} Qf6 {[%emt 0:04:13]} 28. Qg4 {[%emt 0:01:35]} h5 {[%emt 0:03:10]} 29. Qg3 {[%emt 0:00:40]} Bh6 {[%emt 0:01:02]} 30. Nf3 {[%emt 0:03:07]} Bf4 {[%emt 0:01:05]} 31. Qh4 {[%emt 0:00:12]} Qxh4 {[%emt 0:00:44]} 32. Nxh4 {[%emt 0:00:02]} Bg5 {[%emt 0:02:08]} 33. Nf3 {[%emt 0:00:07]} Bf6 {[%emt 0:00:11]} 34. g4 {[%emt 0:00:45]} Rxd1 {[%emt 0:02:59]} (34... b5 $11 {remains equal.}) 35. Rxd1 {[%emt 0:00:06]} Bg7 {[%emt 0:00:42]} 36. Kg2 {[%emt 0:00:28]} hxg4 {[%emt 0:00:36]} 37. hxg4 {[%emt 0:01:05]} Rf4 {[%emt 0:00:03]} 38. Kg3 {[%emt 0:01:11]} Kg8 {[%emt 0:01:09]} 39. Rd8+ {[%emt 0:00:14]} Rf8 {[%emt 0:00:46]} 40. Rd7 {[%emt 0:01:03]} (40. Rd5 $16) 40... Rf7 {[%emt 0:30:16]} 41. Rd8+ {[%emt 0:05:45]} (41. Rd5 $16) 41... Rf8 {[%emt 0:00:00]} 42. Rxf8+ {[%emt 0:00:35]} Kxf8 {[%emt 0:00:00]} 43. c4 {[%emt 0:00:03]} a6 {[%emt 0:00:00]} 44. a4 {[%emt 0:00:10]} Ke8 {[%emt 0:00:00]} 45. g5 {[%emt 0:06:25]} Kd7 {[%emt 0:00:00]} (45... Ke7 $11 {keeps the balance.}) 46. Nh4 {[%emt 0:01:47]} b5 {[%emt 0:00:00]} 47. cxb5 {[%emt 0:00:04]} axb5 {[%emt 0:00:00]} 48. axb5 {[%emt 0:00:09]} c4 {[%emt 0:00:00] [#]} 49. Kf3 $1 {[%emt 0:00:05]} Kd6 {[%emt 0:00:00]} 50. Nxg6 {[%emt 0:00:27]} Kc5 {[%emt 0:00:00]} 51. b6 $2 {[%emt 0:00:20]} (51. Ke2 $18 {is the precise move to win.} Kxb5 52. Kd1) 51... Kxb6 {[%emt 0:00:00]} 52. Ke3 {[%emt 0:02:11]} Kc5 {[%emt 0:00:00]} 53. Ne7 {[%emt 0:00:28]} Kb4 $1 {[%emt 0:00:00]} 54. Nd5+ {[%emt 0:02:03]} Kb3 $1 {[%emt 0:00:00]} 55. f4 {[%emt 0:00:18]} c3 {[%emt 0:00:00]} 56. Nxc3 $1 {[%emt 0:00:30]} exf4+ $2 {[%emt 0:00:00]} (56... Kxc3 $11 57. f5 Bh8) 57. Kxf4 {[%emt 0:00:07]} Kxc3 {[%emt 0:00:00]} 58. e5 {[%emt 0:00:09]} Kd4 {[%emt 0:00:00]} 59. e6 {[%emt 0:00:04]} Bf8 {[%emt 0:00:00]} 60. g6 {[%emt 0:00:39]} Kd5 {[%emt 0:00:00] [#]} 61. e7 {[%emt 0:00:17]} Bxe7 {[%emt 0:00:00]} 62. g7 {[%emt 0:00:04]} Bd6+ {[%emt 0:00:00]} 63. Kf5 {[%emt 0:00:12]} Kd4 {[%emt 0:00:00]} 64. g8=Q {[%emt 0:00:04]} Bc5 {[%emt 0:00:00]} 65. Qe6 {[%emt 0:00:09]} Kc3 {[%emt 0:00:00]} 66. Qd5 {[%emt 0:00:10]} Bd4 {[%emt 0:00:00]} 67. Ke4 {[%emt 0:00:05]} Bf2 {[%emt 0:00:00]} 68. Qd3+ {[%emt 0:00:06]} Kb4 {[%emt 0:00:00]} 69. Qd2+ {[%emt 0:00:02]} 1-0

[Event "NOR-chT 2018"]
[Site "Bergen"]
[Date "2018.05.12"]
[Round "3"]
[White "Kvaloy, Aksel Bu"]
[Black "Tryggestad, Andreas Garberg"]
[Result "0-1"]
[WhiteElo "1958"]
[BlackElo "2251"]
[Annotator "TA"]
[PlyCount "70"]
[EventDate "2018.??.??"]
[EventCountry "NOR"]
[SourceTitle "playchess.com"]
[Source "ChessBase"]
[SourceQuality "1"]

{[%evp 17,70,53,70,45,81,35,40,43,52,55,56,52,39,47,56,61,56,47,171,99,106,111,113,28,74,-135,-60,-120,-108,-189,-158,-193,-181,-195,-191,-197,-168,-163,-201,-250,-252,-248,-246,-638,-291,-377,-392,-598,-316,-3085,-2904,-3004,-2908,-2532,-1104]} 1. e4 c5 2. Nf3 e6 3. d4 cxd4 4. Nxd4 a6 5. c4 Nf6 6. Nc3 Qc7 7. Be2 Be7 8. O-O Nc6 9. a3 O-O {LiveBook: 4 Games} 10. b4 {B41: Sicilian: Kan Variation: 5 c4} (10. Be3 d6 11. Rc1 Ne5 12. f4 Ng6 13. b4 Bd7 14. Qe1 Rfe8 15. Nb3 Rac8 16. c5 e5 17. cxd6 Qxd6 18. f5 Nf4 {½-½ (43) Kovacevic,A (2535)-Epishin,V (2553) Nova Gorica 2006}) 10... d6 11. Bb2 Bd7 12. Rc1 {White is slightly better.} Qb6 $146 ({Predecessor:} 12... Rac8 13. f4 Qb6 14. Na4 Qa7 15. e5 dxe5 16. fxe5 Nxe5 {½-½ (35) Hughey,M (2095)-Henson,J (2154) Edmonton 2004}) 13. Nb3 Ne5 14. Kh1 Ng6 15. f4 Bc6 16. Qd3 Rfd8 17. Na5 d5 (17... Rac8 $14) 18. Nxc6 (18. cxd5 $1 $18 exd5 19. Nxc6 bxc6 20. e5) 18... bxc6 $16 19. e5 Nd7 20. g3 (20. cxd5 $16 cxd5 21. Na4) 20... Qb7 21. c5 $2 (21. cxd5 $16 {Threatens to win with d6.} exd5 22. Bf3) 21... Nxc5 ({Black should play} 21... a5 $1 $17 {[%cal Ra5b4]} 22. b5 Nxc5) 22. Qc2 {[#]} (22. bxc5 $15 Qxb2 23. Na4) 22... Nd7 $1 $17 {[%cal Bc5d7,Bd7b6,Bb6c4][%mdl 32]} 23. Bf3 {[#]} (23. Na2 $17) 23... a5 $1 $19 24. bxa5 Rxa5 25. a4 Qa6 26. h4 Nb6 27. h5 Nf8 28. f5 exf5 ({Inferior is} 28... Nxa4 29. f6 $11) 29. Qxf5 {And now Bxd5! would win.} Qc8 30. Qf4 $2 (30. Qxc8 Rxc8 31. h6) 30... Ne6 (30... Qh3+ $142 31. Kg1 Bc5+ 32. Rf2 Bxf2+ 33. Kxf2 Qh2+ 34. Bg2 Qxh5) 31. Qg4 Nc4 32. Ba1 (32. Nd1 {was called for.}) 32... Ng5 33. Qf4 $2 (33. Qxc8 Rxc8 34. Be2) 33... Qh3+ {Black is clearly winning.} 34. Kg1 Bc5+ 35. Rf2 Be3 {Precision: White = 21%, Black = 39%.} (35... Bxf2+ $142 36. Kxf2 Qh2+ 37. Ke1 Nxf3+ 38. Qxf3 Qd2+ 39. Kf1 Qxc1+ 40. Kg2 Qxa1) 0-1

[Event "NOR-chT 2018"]
[Site "Bergen"]
[Date "2018.05.12"]
[Round "3"]
[White "Tunsjo, Axel"]
[Black "Dahl, Max"]
[Result "1-0"]
[WhiteElo "1901"]
[BlackElo "1926"]
[Annotator "NA RC"]
[PlyCount "121"]
[EventDate "2018.??.??"]
[EventCountry "NOR"]
[SourceTitle "playchess.com"]
[Source "ChessBase"]
[SourceQuality "1"]
[TimeControl "40/5400:1800"]

{[%evp 8,121,26,23,32767,50,32767,32767,27,16,22,14,32767,12,32767,22,23,0,4,32767,32767,32767,32767,32767,37,32767,32767,21,32767,10,37,11,32767,32767,32767,1,11,32767,42,31,61,69,87,32767,125,120,195,212,196,175,32767,32767,32767,748,1004,1224,32767,32767,1070,32767,32767,32767,32767,32767,32767,32767,32767,32767,32767,12438,12834,32767,32767,32767,32767,32767,12850,32767,32767,32767,32767,32767,32767,32767,32767,32767,32767,32767,32767,29977,29977,29978,32767,32767,32767,32767,29979,29980,29980,29982,29982,29982,29983,29983,29984,29985,29985,29983,32767,29989,32767,32767,32767,29992,29992,29986]} 1. e4 {[%emt 0:00:03]} c6 {[%emt 0:00:46]} 2. Nf3 {[%emt 0:02:18]} d5 {[%emt 0:01:33]} 3. Nc3 {[%emt 0:00:09]} Bg4 {[%emt 0:00:58]} 4. h3 {[%emt 0:00:16]} Bxf3 {[%emt 0:01:00]} 5. Qxf3 {[%emt 0:00:04]} dxe4 {[%emt 0:00:14]} 6. Nxe4 {[%emt 0:00:16] LiveBook: 47 Games} e6 {[%emt 0:00:07]} 7. g4 {[%emt 0:07:49] B11: Caro-Kann: Two Knights Variation} Nd7 {[%emt 0:03:41]} 8. d4 {[%emt 0:03:29]} Ngf6 {[%emt 0:02:30]} 9. g5 $146 {[%emt 0:02:14]} ({Predecessor:} 9. Ng3 Be7 10. Bg2 Qa5+ 11. c3 Qb5 12. a4 Qd5 13. a5 a6 {½-½ (48) Manea,A (2289)-Grigore,G (2486) Bucharest 2002}) 9... Nxe4 {[%emt 0:01:26]} 10. Qxe4 {[%emt 0:01:27]} Qc7 {[%emt 0:05:55]} 11. Bf4 {[%emt 0:02:25]} Bd6 {[%emt 0:00:54]} 12. Bxd6 {[%emt 0:00:15]} Qxd6 {[%emt 0:00:08]} 13. O-O-O {[%emt 0:00:33]} Qd5 {[%emt 0:10:24]} 14. Qxd5 {[%emt 0:00:10]} exd5 {[%emt 0:00:15]} 15. Re1+ {[%emt 0:06:33]} Kd8 {[%emt 0:01:17]} 16. h4 {[%emt 0:03:14]} Re8 {[%emt 0:03:38]} 17. Bd3 {[%emt 0:04:00]} Nf8 {[%emt 0:06:01]} 18. c3 {[%emt 0:04:43]} Kd7 {[%emt 0:02:33]} 19. f4 {[%emt 0:02:09]} Rxe1+ {[%emt 0:00:53]} 20. Rxe1 {[%emt 0:00:03]} Re8 {[%emt 0:00:35]} 21. Rxe8 {[%emt 0:02:19]} Kxe8 {[%emt 0:00:19]} 22. f5 {[%emt 0:00:22]} g6 {[%emt 0:02:38]} 23. Kd2 {[%emt 0:02:51]} Ke7 {[%emt 0:06:13]} 24. Ke3 {[%emt 0:02:47]} Kd6 {[%emt 0:07:19]} 25. Kf4 {[%emt 0:03:24]} b6 {[%emt 0:03:37]} 26. b4 {[%emt 0:01:06]} c5 {[%emt 0:15:07]} (26... b5 $16) 27. Bb5 {[%emt 0:03:03]} cxd4 {[%emt 0:00:45]} 28. cxd4 {[%emt 0:00:03]} gxf5 {[%emt 0:00:54]} 29. Kxf5 {[%emt 0:00:13]} Ne6 {[%emt 0:00:04]} 30. Kf6 {[%emt 0:01:11]} Nxd4 {[%emt 0:00:05]} 31. Bd3 {[%emt 0:01:17]} Nf3 {[%emt 0:00:30]} 32. h5 {[%emt 0:00:59]} Nd2 {[%emt 0:05:55]} 33. Bxh7 {[%emt 0:02:46]} Ne4+ {[%emt 0:00:00]} 34. Kf5 {[%emt 0:00:16]} Ng3+ {[%emt 0:00:17]} 35. Kg4 {[%emt 0:00:21]} Nxh5 {[%emt 0:00:05]} 36. Kxh5 {[%emt 0:00:07]} Ke5 {[%emt 0:00:05]} 37. Bg8 {[%emt 0:00:25]} f5 {[%emt 0:00:15]} 38. gxf6 {[%emt 0:01:08]} Kxf6 {[%emt 0:00:02]} 39. Bxd5 {[%emt 0:00:11]} Ke5 {[%emt 0:00:01]} 40. Bc4 {[%emt 0:00:19]} Kd4 {[%emt 0:30:03]} 41. Ba6 {[%emt 0:30:09]} b5 {[%emt 0:00:15]} 42. Bxb5 {[%emt 0:00:22]} Kc3 {[%emt 0:00:00]} 43. a3 {[%emt 0:00:01]} Kb3 {[%emt 0:00:01]} 44. Ba6 {[%emt 0:00:24]} Kxa3 {[%emt 0:00:05]} 45. b5 {[%emt 0:00:05]} Kb4 {[%emt 0:00:05]} 46. Kg5 {[%emt 0:00:08]} Kc5 {[%emt 0:00:01]} 47. Kf5 {[%emt 0:00:08]} Kd5 {[%emt 0:00:01]} 48. Kf4 {[%emt 0:01:11]} Kd4 {[%emt 0:00:01]} 49. Kf3 {[%emt 0:00:02]} Kd5 {[%emt 0:00:20]} 50. Ke3 {[%emt 0:00:09]} Kc5 {[%emt 0:00:06]} 51. Kd3 {[%emt 0:00:07]} Kd5 {[%emt 0:00:00]} 52. Kc3 {[%emt 0:00:00]} Kc5 {[%emt 0:00:00]} 53. Kb3 {[%emt 0:00:00]} Kd5 {[%emt 0:00:00]} 54. Kb4 {[%emt 0:00:00]} Kd6 {[%emt 0:00:00]} 55. Kc4 {[%emt 0:00:00]} Kd7 {[%emt 0:00:00]} 56. Kd5 {[%emt 0:00:00]} Kc7 {[%emt 0:00:00]} 57. Kc5 {[%emt 0:00:00]} Kb8 {[%emt 0:00:00]} 58. Kc6 {[%emt 0:00:00]} Ka8 {[%emt 0:00:00]} 59. Bc8 {[%emt 0:00:00]} Kb8 {[%emt 0:00:00]} 60. Bb7 {[%emt 0:00:00]} a5 {[%emt 0:00:00]} 61. bxa6 {[%emt 0:00:00]} 1-0

[Event "NOR-chT 2018"]
[Site "Bergen"]
[Date "2018.05.12"]
[Round "4"]
[White "Grandelius, Nils"]
[Black "Urkedal, Frode Olav Olsen"]
[Result "1/2-1/2"]
[WhiteElo "2651"]
[BlackElo "2548"]
[Annotator "TA"]
[PlyCount "72"]
[EventDate "2018.??.??"]
[EventCountry "NOR"]
[SourceTitle "playchess.com"]
[Source "ChessBase"]
[SourceQuality "1"]

{[%evp 32,72,31,14,13,20,25,0,0,0,0,-75,-13,-9,-11,-7,31,19,28,0,0,-1,0,0,0,0,-2,-55,0,-22,-15,-15,-12,-19,-20,-29,0,0,0,-42,0,0,0]} 1. e4 e5 2. Nf3 Nc6 3. Bb5 {[%cal Bf1b5,Bb5a4,Ba4b3,Bb3a2][%mdl 32]} a6 4. Ba4 Nf6 5. O-O Be7 6. Re1 b5 7. Bb3 O-O 8. a4 Bb7 9. d3 d6 10. Nbd2 {[%cal Bb1d2,Bd2f1,Bf1g3][%mdl 32]} Na5 11. Ba2 c5 12. Nf1 b4 {C88: Closed Ruy Lopez: Anti-Marshall Systems} 13. c3 (13. Ne3 Bc8 14. c3 Rb8 15. h3 bxc3 16. bxc3 Be6 17. Nd2 Bxa2 18. Rxa2 d5 19. Nf5 Re8 20. Ba3 {½-½ (39) Aravindh,C (2586)-Gledura,B (2613) Stockholm 2018}) 13... bxc3 14. bxc3 c4 15. Ng3 cxd3 16. Qxd3 Bc8 17. Ba3 {LiveBook: 3 Games} Nb7 18. Rab1 Qa5 $146 ({Predecessor:} 18... g6 19. Qe3 Qc7 20. Nf1 {½-½ (37) Mende,I (2352)-Jung,R (2198) ICCF email 2014}) 19. Nf5 Bxf5 $1 20. Rxb7 Qxa4 {[%cal Rf5e4]} 21. exf5 (21. Rxe7 $11 Qxa3 22. Rxf7 (22. exf5 Qxa2 23. Qxd6 e4 $15) 22... Qxa2 23. Rxf8+ Rxf8 24. exf5) 21... e4 ({Black should play} 21... Qxa3 $17 22. Qc2 (22. Rxe7 Qxa2 23. Qxd6 e4 $15) 22... e4) 22. Qb1 $11 {[#] Strongly threatening Qb4.} Qxa3 23. Rxe7 exf3 24. Rxf7 Kh8 25. gxf3 Qxc3 26. Re3 $132 {[%mdl 2048] White is not keeping still} Qd4 27. Rxf8+ Rxf8 28. Be6 d5 29. Rd3 (29. Qd3 $1 $11 Qh4 30. Qxa6) 29... Qf4 (29... Qh4 $1 $15) 30. Qb2 Nh5 {[#] White must now prevent ...Qg5+.} 31. Rd4 $1 {[%cal Rd4f4]} Qxf3 {And now ...Nf4 would win.} 32. Qb4 {[%cal Rb4f8]} Re8 33. Bd7 Rg8 34. Be6 Re8 35. Bd7 Rg8 36. Be6 Re8 {Precision: White = 52%, Black = 61%.} 1/2-1/2

[Event "NOR-chT 2018"]
[Site "Bergen"]
[Date "2018.05.12"]
[Round "4"]
[White "Christiansen, Johan-Sebastian"]
[Black "Storme, Isak"]
[Result "1-0"]
[WhiteElo "2499"]
[BlackElo "2313"]
[Annotator "TA"]
[PlyCount "43"]
[EventDate "2018.??.??"]
[EventCountry "NOR"]
[SourceTitle "playchess.com"]
[Source "ChessBase"]
[SourceQuality "1"]

{[%evp 19,43,15,22,31,190,188,163,167,171,182,29989,29990,29990,1158,1063,0,1056,1005,1139,1130,4796,3570,6519,6519,29969,29962]} 1. e4 c5 2. Nf3 d6 3. Nc3 Nf6 4. e5 dxe5 5. Nxe5 a6 6. g3 {B50: Sicilian: 2...d6, Miscellaneous} Qc7 7. d4 cxd4 8. Qxd4 Nc6 9. Nxc6 Qxc6 10. Bg5 Bg4 {[#] LiveBook: 3 Games} ({Much weaker is} 10... Qxh1 $6 11. O-O-O $16) 11. Bxf6 $1 {[%mdl 512]} gxf6 $2 (11... Qxh1 $2 {perishes.} 12. Qxg4 gxf6 13. Qa4+ b5 14. Nxb5 $1 $18 {[%mdl 512]}) (11... h5 $14) (11... Qxf6 12. Qxg4) 12. Qxg4 $18 Qxh1 {[#]} 13. Qa4+ $1 b5 {[#]} 14. Nxb5 $1 {[%mdl 512] [#] Na7+ would kill now.} axb5 $146 (14... Bh6 $18 15. Nc7+ Kf8) 15. Qxb5+ Kd8 16. O-O-O+ (16. Rd1+ $142 Kc7 17. Rd7+ Kc8 18. Rd4 Qe4+ 19. Rxe4 e5 20. Bh3+ f5 21. Bxf5+ Kc7 22. Rc4+ Bc5 23. Qxc5+ Kd8 24. Qxe5 Rxa2 25. Rd4#) 16... Kc7 17. Rd7+ $40 {[%mdl 128] White attacks.} ({Worse is} 17. Qc5+ Qc6 $11) 17... Kc8 {[#]} 18. Rd5 $1 Bh6+ 19. f4 {Threatening mate with Qc6+.} Qxd5 20. Qxd5 Ra7 21. Qc6+ Kb8 22. Bg2 1-0